01859nam a2200157 a 4500008004100000020001800041041000800059100002100067245003600088250003400124260003300158300009000191500007000281505133500351655001501686180514m2012 ag |||gr|||| 000 f spa d a9788433924629 aspa1 aPiglia, Ricardo. aPlata quemada /cRicardo Piglia a3a ed.bDiseño Julio Vivas. aBarcelona:bAnagrama;c2012. a221 p.bil. fotograma de la pelicula" Plata Quemada", dirigida por Marcelo Piñeyro  aPiglia, R. (2012). Plata quemada. (3a ed.). Barcelona : Anagrama. aEsta novela cuenta una historia real. Se trata de un caso de la crónica policial que tuvo como escenarios Buenos Aires y Montevideo en1965. En septiembre de ese año una banda asalta un banco en San Fernando, provincia de Buenos Aires. También participan varios políticos y policías que se harán con su parte del botín una vez que el robo haya funcionado. El plan se cumple. Sin embargo, en la huida, los maleantes deciden traicionar a sus socios y escapar con toda la plata. La policía no lo va a permitir. Ricardo Piglia tuvo acceso a materiales confidenciales: los legajos judiciales, la transcripción de las grabaciones secretas realizadas por la policía en el departamento de Herrera y Obes durante el dramático asedio, las declaraciones testimoniales y la crónica periodística. El conjunto del material documental permitió a Piglia armar la historia y reconstruir a los personajes, el habla, la época, la trama y el drama con una precisión admirable. Ésta es una historia de amor, traiciones, resistencia y heroísmo, donde Malito, el Nene Brignone, el Gaucho Dorda y el Cuervo Mereles -protagonistas de escenas memorables- entran en la literatura de manera desafiante. El ritmo de Plata quemada es implacable, no da tregua ni concede nada. Es dura y conmovedora, deslumbrante y verdadera.  aLiteratura